000 00585nam a2200181Ia 4500
008 090123s9999 xx 000 0 und d
082 _b1150
100 _aसबनीस वसंत
245 _aविच्छा माझी पुरी करा
250 _a1
260 _bकुलकर्णी अ.अ.
300 _a78
600 _aसबनीस वसंत
630 _aविच्छा माझी पुरी करा
700 _aसबनीस वसंत
730 _aविच्छा माझी पुरी करा
942 _cBOOK
999 _c39234
_d39234